Normal view
MARC view
Entry Topical Term
001 - CONTROL NUMBER
- control field: 29561
003 - CONTROL NUMBER IDENTIFIER
- control field: OSt
005 - DATE AND TIME OF LATEST TRANSACTION
- control field: 20220207121339.0
008 - FIXED-LENGTH DATA ELEMENTS
- fixed length control field: 220207|| aca||aabn | a|a d
040 ## - CATALOGING SOURCE
- Original cataloging agency: OSt
- Transcribing agency: OSt
150 ## - HEADING--TOPICAL TERM
- Topical term or geographic name entry element: Stock market
670 ## - SOURCE DATA FOUND
- Source citation: Work cat.: (OSt)518496: Reich, G.C., Nenov, P.T. and Simsek, A. 29560, Stock market wealth and the real economy: A local labor market approach
